| 000 | 01329nam a22002297a 4500 | ||
|---|---|---|---|
| 999 |
_c57200 _d57200 |
||
| 003 | Ge_BSU | ||
| 005 | 20221221153129.0 | ||
| 008 | 200113s2019 ge ||||| |||| 00| 0 geo d | ||
| 041 | _ageo | ||
| 080 | _a94 ბ-52 | ||
| 100 |
_aბერიძე, ზაზა _96086 |
||
| 245 |
_aთურქეთისა და სამხრეთ კავკასიის ქვეყნების ურთიერთობები XX საუკუნის 90 -იან წლებში / _cსამეცნ. ხელ-ლი ემზარ მაკარაძე. |
||
| 264 |
_aბათუმი: _bბათუმის შოთა რუსთაველის უნ-ტი, _c2019. |
||
| 300 |
_a123 გვ. _b30 სმ. |
||
| 504 | _aბიბლიოგრ. გვ. 117-123 | ||
| 653 | _aისტორია | ||
| 653 | _aდისერტაცია | ||
| 653 | _aთურქეთისა და სამხრეთ კავკასიის ურთიერთობები | ||
| 700 |
_aმაკარაძე, ემზარ _eსამეცნ. ხელმძღვ. _94143 |
||
| 710 |
_aბათუმის შოთა რუსთაველის სახ-ფო უნ-ტი _bჰუმანიტარულ მეცნ. ფაკ-ტი _96087 |
||
| 942 |
_2udc _cDS |
||